00445nam a2200133Ia 4500008004100000041000800041082001500049100001300064245006700077260002100144365000700165999001900172952012000191230303s9999 xx 000 0 und d aeng a621.31 GAR aGARG G.C aUtilization of Electric Power and Traction Pub. New Delhi N.D. aNew DelhibKHANA cRS c181052d181052 00104070aECDbECDcSHELF NO-26 Ad2023-03-03g180.00l0o621.31 GARpEB7555r2023-03-03 00:00:00w2023-03-03yBK